000 02142cam a22005414i 4500
003 PE-LiUPU
005 20250731173316.0
008 150625s2005 xxua r 000 0 spa d
020 _a080543077
035 _a(Sirsi) i080543077
040 _aPE-LiUPU
_bspa
_cPE-LiUPU
_erda
049 _aPRUA
082 0 4 _a268.432
_bR36
_221
082 0 4 _a268.432
_bR36 2005
100 1 _aReimer, Kathie,
_eautor.
245 1 4 _aLas 1001 maneras de presentar la Biblia a los niños /
_cKathie Reimer.
264 1 _aNashville, Tennesse :
_bBroadman & Holaman,
_c[2005].
300 _a318 páginas ;
_c23 centímetros
336 _atext
_2rdacontent
337 _aunmediated
_2rdamedia
338 _avolume
_2rdacarrier
505 0 _aAntiguo testamento -- Nuevo testamento.
526 _aSEG42
526 _aSEG41
526 _aSEG40
526 _aSEG39
526 _aP94
526 _aP87
526 _aP86
526 _aP85
526 _aP77
526 _aP76
526 _aP35
541 _g0000155;
630 _aBiblia
_xEnseñanza.
630 _aBiblia
_xProblemas, ejercicios, etc.
700 1 _aTessore Firpi, Adriana E.,
_etraductor.
910 _bjv
_cng
_d20060913
910 _tqv
_d20171120
942 _2ddc
_cBOOK
949 _a268.432 R36
_wDEWEY
_c1
_i56580
_d2016-10-20
_e2016-10-18
_lCCODEBUL1
_mBUL
_n1
_p11.00
_r0
_sY
_tBOOK
_u2015-6-25
_xTEOLOGIA
_PP20
_0COMPRA
_o.STAFF. Colección Teología
949 _a268.432 R36 2005
_wDEWEY
_c1
_iFJ09283
_lCCODEBUJ1
_mBUJ
_p15.00
_r0
_sY
_tBOOK
_u2017-11-20
_xBIBLIOTECA
_zUNKOWN
_0COMPRA
_o.STAFF. Colección General Juliaca
994 _aC0
_bPEPRU
596 _a1 3
999 _a268.432 R36
_wDEWEY
_c45762
_i56580
_d45762
_e2019-9-2
_f2021-11-10
_g5
_lCCODEBUL1
_mBUL
_n2
_p11.00
_q1
_r0
_sY
_tBOOK
_u2015-6-25
_xTEOLOGIA
_PP20
_0COMPRA
_o.STAFF. Colección Teología
999 _a268.432 R36 2005
_wDEWEY
_c1
_iFJ09283
_d2019-11-13
_e2019-3-15
_f2022-2-4
_g4
_lCCODEBUJ1
_mBUJ
_n1
_p15.00
_q3
_r0
_sY
_tBOOK
_u2017-11-20
_xBIBLIOTECA
_zUNKNOWN
_0COMPRA
_o.STAFF. Colección General Juliaca
980 _81
_gALBERTO SANCHEZ Responsable de Automatización